000 00825cam a22002295a 4500
001 L153535
008 110804s2007 xxk f 000 0 eng d
020 _a9780471931515
035 _a(Sirsi) u153535
041 0 _aeng
050 0 4 _a690 $2 18
100 1 _aBallast, David Kent
245 0 0 _aHandbook of construction tolerances
250 _a2nd ed.
260 _aNew Jersey
_bJohn Wiley & Sons, Inc.
_c2007
520 _aIncludes illustrations of tolerance concepts, sections on measuring compliance with tolerance standards, guidelines on incorporating tolerance requirements in drawings and specifications and how to apply tolerance information during contract administration.
521 _aS
590 _aKA
651 4 _aENGLAND AND WALES
690 _aBUILT ENVIRONMENT-CONSTRUCTION DESIGN
942 _n0
999 _c112578
_d112578